000 00453nam a22001337a 4500
020 _a9171781544
082 _a011.51
100 _aKungliga Tekniska
245 _aKTH in your pocket 2005 a guide to research projects at KTH,Stockholm
260 _aStockholm
_bKungliga Tekniska
_c2004
300 _a644p
942 _cBK
999 _c2564
_d2564